000 00469nam a2200133 a 4500
008 120416s1973 ||||||||||||||||| || u
050 _aTS 156 Tru
100 _aTruscott, W. T
245 1 0 _aNew techniques for quality control
260 _aLondon
_bIncom Tec
_c1973
300 _aii, 80p. : ill.
350 _a0.00
995 _D0.00
_FCBU-MAIN LIBRARY (Kitwe)
_H1
_I3.50
_M1
_UAVAILABLE
_ZAnnex Low-Usage Collection
999 _c52198
_d52198